LEADER 01031nam--2200385---450- 001 990003096990203316 005 20110805115217.0 035 $a000309699 035 $aUSA01000309699 035 $a(ALEPH)000309699USA01 035 $a000309699 100 $a20080417h19381965km-y0itay50------ba 101 $afre 102 $aFR 105 $a||||||||001yy 200 1 $aAbraxas$fAudiberti 210 $a[Paris]$cGallimard$d1938$h1965 215 $a289 p.$d19 cm 225 2 $a<>' Imaginaire$v10 410 0$12001$a<>' Imaginaire 454 1$12001 461 1$1001-------$12001 606 0 $aNarrativa francese 676 $aNarrativa francese 700 1$aAUDIBERTI,$bJacques$0469293 801 0$aIT$bsalbc$gISBD 912 $a990003096990203316 951 $aII.4.A.177$b3187 DSLL 959 $aBK 969 $aDSLL 979 $aDSLL$b90$c20080417$lUSA01$h1020 979 $aDSLL$b90$c20080417$lUSA01$h1021 979 $aDSLL$b90$c20110805$lUSA01$h1152 996 $aAbraxas$91019175 997 $aUNISA LEADER 02756nam2 22004213i 450 001 VAN00113902 005 20250528120116.25 012 $2fei$a7.er ton- i.n- fe(2 (C) 1769 (Q)$5VAN 012 $2fei$a7.er ton- i.i- fe(e (C) 1769 (Q)$5VAN 100 $a20180122d1769 |0itac50 ba 101 $aita 102 $aIT 140 $a||||||||| ||||||||| 181 $ai$b e 182 $an 183 $anc 200 0 $a2.3 210 $a[In Napoli$csi dispensa dal librajo Giulio Giannini rimpetto il Gran Teatro Reale$d1769] 215 $a[2], 979-1495, [1] p.$d4º 300 $aTitolo dall'occhietto, con cifre romane 300 $aSegnatura: ?1 6I? (-6I4) 6K-9D? 300 $aVar. B: impronta diversa (terzo gruppo) 312 $aTitolo dell'occhietto.$9VAN00282710 461 1$1001VAN00113887$12001 $aDell'istoria ecclesiastica antica e moderna dalla nascita di Gesu' Cristo sino al principio del presente secolo 18. In cui si considerano la di lei origine, li progressi &c. nella loro connessione collo stato delle lettere, e della filosofia ... compilata dal dottor Giovan Lorenzo Mosemio ... Illustrata con dotte note critiche da Archibaldo Maclaine in piu' luoghi ... Tralata dalla lingua inglese nell'idioma toscano dal sig. barone d. Patrizio Roselli, e riveduta ... dal revisore ecclesiastico d. Giulio Lorenzo Selvaggi, ..$1210 $aIn Napoli$csi dispensa dal librajo Giulio Giannini rimpetto il Gran Teatro Reale$d1769$1215 $a9 volumi$d4º$1300 $aNel titolo i numeri sono espressi in cifre romane$1300 $aMarca xilografica non censita (colonna racchiusa in un cerchio contenuto in un quadrato; in basso, la scritta: in recto decus) sugli unici frontespizi (1 parte. dei volumi 1 e 2)$1300 $aCorsivo, ebraico, romano$v2.3 517 0$3VAN00282710$aDell'istoria ecclesiastica antica e moderna dalla nascita di Gesu' Cristo sino al principio del presente secolo 18. Vol. 2. Tom. 3. 620 $dNapoli$3VANL000005 700 1$aMosheim$bJohann Lorenz$f1693-1755$3VANV087979$0546803 702 1$aRoselli$bPatrizio$3VANV087980$4730 702 1$aMaclaine$bArchibald$3VANV087982 712 02$aGiannini, Giulio$3VANV087983 790 1$aMoshemius, Johannes Laurentius$zMosheim, Johann Lorenz <1693-1755>$3VANV087984 801 $aIT$bSOL$c20260130$gRICA 856 4 $uhttps://books.google.it/books?id=jQKxlmqXNkMC&printsec=frontcover&hl=it#v=onepage&q&f=false$zVolume digitalizzato. 899 $aBIBLIOTECA DEL DIPARTIMENTO DI GIURISPRUDENZA$1IT-CE0105$2VAN00 912 $aVAN00113902 950 $aBIBLIOTECA DEL DIPARTIMENTO DI GIURISPRUDENZA$d00LAURIA BL.700. 261 $e00BL 5622 2.3 20180122 996 $a2.3$94286459 997 $aUNICAMPANIA